[Event "17. European Women's Championship 2016"]
[Site "Mamaia ROU"]
[Date "2016.05.28"]
[Round "2.44"]
[White "Tsatsalashvili, Keti"]
[Black "Nikoladze, Sopio"]
[Result "1-0"]
[WhiteElo "2278"]
[BlackElo "2155"]
[PlyCount "51"]
[EventDate "2016.05.27"]
[EventType "swiss"]
[EventRounds "11"]
[EventCountry "ROU"]
[Source "lmi"]
[SourceDate "2016.05.26"]

1. d4 Nf6 2. c4 d6 3. Nc3 g6 4. e4 Nbd7 5. Nf3 e5 6. Be2 Bg7 7. O-O O-O 8. Be3
Re8 9. d5 Nc5 10. Nd2 a5 11. a3 Nfd7 12. b4 axb4 13. axb4 Rxa1 14. Qxa1 Na6 15.
Qa3 f5 16. f3 Qh4 17. c5 Bh6 18. Bf2 Qe7 19. Nb3 dxc5 20. bxc5 Bf8 21. d6 cxd6
22. Nd5 Qd8 23. Bxa6 bxa6 24. c6 Nc5 25. c7 Qg5 26. h4 1-0

[Event "17. European Women's Championship 2016"]
[Site "Mamaia ROU"]
[Date "2016.05.28"]
[Round "2.45"]
[White "Sucikova, Svetlana"]
[Black "Rodshtein, Tereza"]
[Result "1/2-1/2"]
[WhiteElo "2072"]
[BlackElo "2263"]
[PlyCount "64"]
[EventDate "2016.05.27"]
[EventType "swiss"]
[EventRounds "11"]
[EventCountry "ROU"]
[Source "lmi"]
[SourceDate "2016.05.26"]

1. c4 e5 2. Nc3 Nc6 3. g3 Bc5 4. Bg2 d6 5. e3 a6 6. a3 Ba7 7. b4 f5 8. Nge2 Nf6
9. Bb2 O-O 10. O-O Be6 11. Nd5 Rb8 12. d4 exd4 13. Nxd4 Nxd4 14. Bxd4 Bxd4 15.
Qxd4 Nxd5 16. cxd5 Bd7 17. Rfc1 Rf7 18. Rc3 Ba4 19. Rac1 Ra8 20. Bf1 Be8 21.
Qd1 a5 22. Qc2 axb4 23. axb4 Ba4 24. Qb1 Be8 25. Qc2 Ba4 26. Qb1 Be8 27. Bd3 g6
28. Qc2 Ba4 29. Qb1 Be8 30. Qc2 Ba4 31. Qb1 Be8 32. Qc2 Ba4 1/2-1/2

[Event "17. European Women's Championship 2016"]
[Site "Mamaia ROU"]
[Date "2016.05.28"]
[Round "2.46"]
[White "Doluhanova, Evgeniya"]
[Black "Narva, Mai"]
[Result "1-0"]
[WhiteElo "2262"]
[BlackElo "2121"]
[PlyCount "85"]
[EventDate "2016.05.27"]
[EventType "swiss"]
[EventRounds "11"]
[EventCountry "ROU"]
[Source "lmi"]
[SourceDate "2016.05.26"]

1. e4 c5 2. Nf3 Nc6 3. d4 cxd4 4. Nxd4 Nf6 5. Nc3 d6 6. Bg5 Bd7 7. Qd2 Rc8 8.
f4 h6 9. Bxf6 gxf6 10. O-O-O Nxd4 11. Qxd4 Qa5 12. Be2 Qc5 13. Qd3 f5 14. e5
Bg7 15. exd6 e6 16. Rhf1 Qa5 17. Rf3 Rc5 18. Qe3 O-O 19. Rg3 Kh8 20. Rd3 Rfc8
21. Bh5 Qd8 22. Bxf7 Qf6 23. Bh5 b5 24. Rg6 Qf8 25. Bd1 Kh7 26. Rxe6 Bxe6 27.
Qxe6 Rd8 28. Bf3 b4 29. Nd1 Re8 30. Qb3 a5 31. d7 Rd8 32. Qe6 Qg8 33. Bd5 Qf8
34. Ne3 Rc7 35. Bb3 Ra7 36. Nxf5 a4 37. Bc4 Rc7 38. b3 a3 39. Qe4 Rxc4 40. bxc4
Bf6 41. Ne7+ Kg7 42. Rg3+ Bg5 43. Nf5+ 1-0

[Event "17. European Women's Championship 2016"]
[Site "Mamaia ROU"]
[Date "2016.05.28"]
[Round "2.47"]
[White "Gevorgyan, Maria"]
[Black "Rogozenco, Teodora"]
[Result "0-1"]
[WhiteElo "2257"]
[BlackElo "2104"]
[PlyCount "102"]
[EventDate "2016.05.27"]
[EventType "swiss"]
[EventRounds "11"]
[EventCountry "ROU"]
[Source "lmi"]
[SourceDate "2016.05.26"]

1. e4 c5 2. Nc3 Nc6 3. Bb5 Nd4 4. Bc4 a6 5. Nge2 Nf6 6. a4 e6 7. O-O d5 8. exd5
exd5 9. Ba2 Bg4 10. h3 Nxe2+ 11. Nxe2 Bd7 12. Nf4 Bc6 13. Re1+ Be7 14. d4 c4
15. b3 b5 16. Ba3 Ra7 17. bxc4 bxc4 18. Qe2 Ne4 19. Qe3 O-O 20. Bxe7 Rxe7 21.
f3 Qd6 22. g3 Nxg3 23. Qxe7 Qxf4 24. Qe5 Qxf3 25. Rab1 Qh1+ 26. Kf2 Ne4+ 27.
Rxe4 Qxe4 28. Qxe4 dxe4 29. Bxc4 Bxa4 30. c3 a5 31. Ra1 Bd7 32. Rxa5 Rc8 33.
Be2 Bxh3 34. c4 f5 35. c5 f4 36. d5 e3+ 37. Kf3 g5 38. c6 Rf8 39. d6 g4+ 40.
Ke4 Bg2+ 41. Kd3 Bxc6 42. Rg5+ Kh8 43. Bxg4 f3 44. Rf5 Re8 45. Bxf3 e2 46. Bxc6
e1=Q 47. d7 Re3+ 48. Kc4 Qc1+ 49. Kb4 Qb1+ 50. Ka4 Qc2+ 51. Kb4 Rb3+ 0-1

[Event "17. European Women's Championship 2016"]
[Site "Mamaia ROU"]
[Date "2016.05.28"]
[Round "2.48"]
[White "Grigoryan, Meri"]
[Black "Manakova, Maria"]
[Result "0-1"]
[WhiteElo "2016"]
[BlackElo "2254"]
[PlyCount "94"]
[EventDate "2016.05.27"]
[EventType "swiss"]
[EventRounds "11"]
[EventCountry "ROU"]
[Source "lmi"]
[SourceDate "2016.05.26"]

1. d4 e6 2. Bf4 g5 3. Be5 Nf6 4. e3 d6 5. Bxf6 Qxf6 6. Nc3 Bg7 7. Nf3 g4 8. Nd2
e5 9. Nde4 Qd8 10. dxe5 Bxe5 11. Bc4 Nc6 12. Nd5 Na5 13. Be2 c6 14. Ndc3 d5 15.
Ng3 h5 16. Bd3 Be6 17. f4 gxf3 18. Qxf3 Qg5 19. Nf5 Nc4 20. h4 Qg4 21. O-O-O
Nxb2 22. Qxg4 Nxd3+ 23. cxd3 hxg4 24. Nd4 Rh5 25. Nxe6 fxe6 26. Ne2 c5 27. Rdf1
Ke7 28. Nf4 Rh6 29. h5 Kd6 30. Ng6 Bg3 31. Rf7 b5 32. Rb7 b4 33. Kc2 Kc6 34.
Re7 Kd6 35. Rb7 Bf2 36. Rf1 g3 37. Rh1 Bxe3 38. Rh3 Bf2 39. Rh4 Kc6 40. Rg7 Bd4
41. Rf7 a5 42. a4 bxa3 43. Kb3 Rb8+ 44. Kxa3 Rb1 45. Ne7+ Kb5 46. Ng6 Ra1+ 47.
Kb3 a4+ 0-1

[Event "17. European Women's Championship 2016"]
[Site "Mamaia ROU"]
[Date "2016.05.28"]
[Round "2.49"]
[White "Raeva, Elitsa"]
[Black "Sazonova, Anastasia"]
[Result "1-0"]
[WhiteElo "2254"]
[BlackElo "2085"]
[PlyCount "99"]
[EventDate "2016.05.27"]
[EventType "swiss"]
[EventRounds "11"]
[EventCountry "ROU"]
[Source "lmi"]
[SourceDate "2016.05.26"]

1. c4 c6 2. Nc3 d5 3. d4 e6 4. e3 f5 5. Nf3 Nf6 6. Qc2 Bd6 7. Bd3 Ne4 8. a3 Nd7
9. cxd5 exd5 10. b4 O-O 11. Bb2 Ndf6 12. h3 Be6 13. Ne2 Qc7 14. Ne5 Nd7 15. f4
Rae8 16. O-O Qb6 17. Kh2 Kh8 18. Qc1 Rc8 19. Qe1 Qd8 20. Rc1 Qf6 21. b5 cxb5
22. Bxb5 Qe7 23. Qa5 Bxe5 24. dxe5 a6 25. Bxd7 Bxd7 26. Nd4 Qh4 27. Qe1 Qxe1
28. Rfxe1 Nc5 29. Rxc5 Rxc5 30. e6 Bc8 31. g4 fxg4 32. hxg4 Kg8 33. Kg3 Re8 34.
f5 h6 35. Kf4 Kf8 36. g5 hxg5+ 37. Kxg5 b5 38. Rh1 Kg8 39. Rg1 Kf8 40. Kf4 Rc4
41. Ke5 Bb7 42. Bc1 a5 43. Bd2 Ra4 44. e4 Rxd4 45. Kxd4 dxe4 46. Bxa5 Rc8 47.
Bb4+ Kg8 48. f6 Rd8+ 49. Ke5 Rd5+ 50. Kxe4 1-0

[Event "17. European Women's Championship 2016"]
[Site "Mamaia ROU"]
[Date "2016.05.28"]
[Round "2.50"]
[White "Sandu, Mihaela"]
[Black "Narva, Regina"]
[Result "1/2-1/2"]
[WhiteElo "2246"]
[BlackElo "2019"]
[PlyCount "65"]
[EventDate "2016.05.27"]
[EventType "swiss"]
[EventRounds "11"]
[EventCountry "ROU"]
[Source "lmi"]
[SourceDate "2016.05.26"]

1. e4 g6 2. d4 Bg7 3. Nf3 d6 4. Be2 Nf6 5. Nc3 a6 6. O-O b5 7. e5 dxe5 8. dxe5
Nfd7 9. Bf4 O-O 10. Re1 Bb7 11. Bf1 Nc5 12. Qe2 Ne6 13. Bg3 c5 14. a4 b4 15.
Ne4 Nc6 16. c3 Qc7 17. Neg5 Nxg5 18. Nxg5 e6 19. f4 Ne7 20. Ne4 Bxe4 21. Qxe4
bxc3 22. bxc3 Nd5 23. Qf3 Qa5 24. Bf2 Qxc3 25. Qxc3 Nxc3 26. Bxc5 Rfc8 27. Bd4
Nd5 28. Rec1 Nxf4 29. Rxc8+ Rxc8 30. Bxa6 Rd8 31. Bc3 Nd5 32. Bb2 Rb8 33. Bd4
1/2-1/2

[Event "17. European Women's Championship 2016"]
[Site "Mamaia ROU"]
[Date "2016.05.28"]
[Round "2.51"]
[White "Rakhmangulova, Anastasiya"]
[Black "Pancu, Aureliana-Eugenia"]
[Result "1-0"]
[WhiteElo "2245"]
[BlackElo "1841"]
[PlyCount "89"]
[EventDate "2016.05.27"]
[EventType "swiss"]
[EventRounds "11"]
[EventCountry "ROU"]
[Source "lmi"]
[SourceDate "2016.05.26"]

1. e4 e6 2. d4 d5 3. Bd3 c5 4. exd5 Qxd5 5. Nc3 Qd8 6. Nf3 Nf6 7. O-O Nc6 8.
dxc5 Bxc5 9. a3 a6 10. b4 Be7 11. Bb2 O-O 12. Qe2 Qc7 13. b5 axb5 14. Nxb5 Qb8
15. Ne5 Bd7 16. Nxd7 Nxd7 17. f4 Bf6 18. c3 g6 19. Bc2 Qd8 20. a4 Qb6+ 21. Kh1
Rfd8 22. Ba3 Nf8 23. Rab1 Rd7 24. Nd6 Qa7 25. Qf3 Rad8 26. Ne4 Bg7 27. Bc5 Qb8
28. Bb6 Rc8 29. Nc5 Rd2 30. Bb3 Na5 31. Bxa5 Rxc5 32. Qe3 Rxa5 33. Qxd2 Rc5 34.
Rf3 Qc7 35. c4 e5 36. fxe5 Bxe5 37. Rbf1 f6 38. Qh6 Qg7 39. Qe3 Qc7 40. Bc2 Kg7
41. Rh3 g5 42. Bd3 Bf4 43. Qe8 g4 44. Rh5 Bg5 45. Re1 1-0

[Event "17. European Women's Championship 2016"]
[Site "Mamaia ROU"]
[Date "2016.05.28"]
[Round "2.52"]
[White "Drozdova, Dina"]
[Black "Anghel, Maria"]
[Result "0-1"]
[WhiteElo "2235"]
[BlackElo "1703"]
[PlyCount "77"]
[EventDate "2016.05.27"]
[EventType "swiss"]
[EventRounds "11"]
[EventCountry "ROU"]
[Source "lmi"]
[SourceDate "2016.05.26"]

1. d4 d5 2. c4 e6 3. Nf3 c5 4. cxd5 exd5 5. g3 Nc6 6. Bg2 h6 7. O-O Nf6 8. a3
Be7 9. dxc5 Bxc5 10. Qc2 Bb6 11. Nc3 O-O 12. Na4 Be6 13. Nxb6 Qxb6 14. b4 Rac8
15. Qb2 Qd8 16. Be3 Re8 17. Rad1 Qe7 18. Bc5 Qd7 19. Be3 Qe7 20. Rfe1 Bf5 21.
Bd2 Ne4 22. b5 Nb8 23. Bb4 Qd7 24. Nd4 Bh7 25. Rc1 a6 26. f3 Nf6 27. Bc3 Qe7
28. e3 Nbd7 29. Bh3 Rc4 30. Bf1 Rcc8 31. bxa6 bxa6 32. Bxa6 Rc7 33. Bb4 Qe5 34.
Bf1 Rec8 35. Rxc7 Rxc7 36. Qd2 Nb6 37. Rc1 Nc4 38. Bxc4 dxc4 39. Kf2 0-1

[Event "17. European Women's Championship 2016"]
[Site "Mamaia ROU"]
[Date "2016.05.28"]
[Round "2.53"]
[White "Coman, Emilia-Florentina"]
[Black "Mikadze, Miranda"]
[Result "0-1"]
[WhiteElo "1891"]
[BlackElo "2233"]
[PlyCount "64"]
[EventDate "2016.05.27"]
[EventType "swiss"]
[EventRounds "11"]
[EventCountry "ROU"]
[Source "lmi"]
[SourceDate "2016.05.26"]

1. d4 Nf6 2. Nf3 d5 3. c4 c6 4. Qb3 dxc4 5. Qxc4 Bf5 6. g3 e6 7. Bg2 Nbd7 8.
O-O Be7 9. Nc3 O-O 10. Re1 Ne4 11. Qb3 Qb6 12. Nh4 Bxh4 13. gxh4 Ndf6 14. f3
Nxc3 15. bxc3 Qc7 16. e4 Bg6 17. c4 Rad8 18. Be3 Nh5 19. Rac1 h6 20. d5 Qe7 21.
Bxa7 exd5 22. cxd5 Qxh4 23. Bf2 Qg5 24. h4 Qe5 25. dxc6 bxc6 26. Rxc6 Nf4 27.
Bg3 Ne2+ 28. Rxe2 Qxg3 29. f4 Qxf4 30. Rxg6 Rb8 31. Rf2 Qc1+ 32. Rf1 Qc5+ 0-1

[Event "17. European Women's Championship 2016"]
[Site "Mamaia ROU"]
[Date "2016.05.28"]
[Round "2.54"]
[White "Balaian, Alina"]
[Black "Surovtseva, Alisa"]
[Result "1-0"]
[WhiteElo "2230"]
[BlackElo "1574"]
[PlyCount "65"]
[EventDate "2016.05.27"]
[EventType "swiss"]
[EventRounds "11"]
[EventCountry "ROU"]
[Source "lmi"]
[SourceDate "2016.05.26"]

1. e4 e5 2. Nf3 Nc6 3. d4 exd4 4. Nxd4 Bb4+ 5. c3 Bc5 6. Be3 Bb6 7. Nf5 Bxe3 8.
Nxe3 Nf6 9. f3 O-O 10. c4 d6 11. Nc3 Ne5 12. Be2 Re8 13. O-O c6 14. Qd2 Bd7 15.
Qxd6 Qb6 16. Qd2 Rad8 17. Na4 Qc7 18. Qc2 a6 19. c5 Bc8 20. b4 Ng6 21. Nc4 Nf4
22. Nd6 Nxe2+ 23. Qxe2 Re7 24. Nb6 Be6 25. Qf2 Nd7 26. Nxd7 Bxd7 27. Rad1 Bc8
28. Qg3 b6 29. Nf5 f6 30. Qxc7 Rxc7 31. Rxd8+ Kf7 32. Rxc8 Rxc8 33. Nd6+ 1-0

[Event "17. European Women's Championship 2016"]
[Site "Mamaia ROU"]
[Date "2016.05.28"]
[Round "2.55"]
[White "Cimpean, Andra"]
[Black "Hapala, Elisabeth"]
[Result "0-1"]
[WhiteElo "1794"]
[BlackElo "2227"]
[PlyCount "84"]
[EventDate "2016.05.27"]
[EventType "swiss"]
[EventRounds "11"]
[EventCountry "ROU"]
[Source "lmi"]
[SourceDate "2016.05.26"]

1. e4 c5 2. c3 Nf6 3. e5 Nd5 4. d4 cxd4 5. Nf3 e6 6. cxd4 b6 7. Bd3 Ba6 8. O-O
Qc8 9. a3 Be7 10. Re1 Bxd3 11. Qxd3 Qa6 12. Qxa6 Nxa6 13. Bd2 d6 14. Bg5 Rc8
15. Nbd2 f6 16. Bh4 Kd7 17. Ne4 Rc2 18. b4 h6 19. exd6 Bxd6 20. Nxd6 Kxd6 21.
Bg3+ Kd7 22. Re4 Re8 23. Ne1 Rc3 24. Re2 Rec8 25. f3 Nac7 26. Bxc7 R8xc7 27.
Kf2 Kd6 28. g3 R7c4 29. Rd2 Nc7 30. Rad1 Rxa3 31. Nc2 Ra2 32. Rc1 Nd5 33. Ke2
b5 34. f4 Nxb4 35. Nxb4 Rxd2+ 36. Kxd2 Rxb4 37. Kd3 Rb3+ 38. Kc2 Ra3 39. Rb1 a6
40. Kb2 Ra4 41. Rc1 Rb4+ 42. Ka3 Rc4 0-1

[Event "17. European Women's Championship 2016"]
[Site "Mamaia ROU"]
[Date "2016.05.28"]
[Round "2.56"]
[White "Milak, Adela"]
[Black "Stetsko, Lanita"]
[Result "0-1"]
[WhiteElo "1677"]
[BlackElo "2220"]
[PlyCount "66"]
[EventDate "2016.05.27"]
[EventType "swiss"]
[EventRounds "11"]
[EventCountry "ROU"]
[Source "lmi"]
[SourceDate "2016.05.26"]

1. e4 e5 2. Nf3 Nc6 3. Bb5 a6 4. Ba4 Nf6 5. O-O Be7 6. Nc3 b5 7. Bb3 d6 8. h3
Na5 9. d4 exd4 10. Nd5 Nxb3 11. axb3 c5 12. Re1 Nxd5 13. exd5 O-O 14. Qd3 Bf6
15. Bf4 Bb7 16. c4 dxc3 17. bxc3 b4 18. c4 Bxa1 19. Rxa1 Qf6 20. Bg5 Qxa1+ 21.
Kh2 Qc3 22. Qf5 Bc8 23. Qe4 h6 24. Bh4 Qxb3 25. Qe7 Qxc4 26. Qxd6 Bb7 27. Qg3
Qxd5 28. Bf6 g6 29. Nh4 Kh7 30. f4 Rg8 31. Nf3 Qf5 32. Ng5+ hxg5 33. fxg5 Qe4
0-1

[Event "17. European Women's Championship 2016"]
[Site "Mamaia ROU"]
[Date "2016.05.29"]
[Round "3.1"]
[White "Arakhamia-Grant, Ketevan"]
[Black "Paehtz, Elisabeth"]
[Result "1/2-1/2"]
[WhiteElo "2364"]
[BlackElo "2489"]
[PlyCount "108"]
[EventDate "2016.05.27"]
[EventType "swiss"]
[EventRounds "11"]
[EventCountry "ROU"]
[Source "lmi"]
[SourceDate "2016.05.26"]

1. e4 e5 2. Nf3 Nc6 3. Bb5 a6 4. Ba4 Nf6 5. O-O Nxe4 6. d4 b5 7. Bb3 d5 8. dxe5
Be6 9. Nbd2 Nc5 10. c3 Be7 11. Bc2 Bg4 12. h3 Bh5 13. Re1 Qd7 14. Nf1 O-O 15.
Ng3 Bg6 16. Be3 Rad8 17. Qb1 Rfe8 18. h4 Bf8 19. Bg5 Rb8 20. h5 Bxc2 21. Qxc2
h6 22. Rad1 b4 23. Bc1 bxc3 24. bxc3 Qg4 25. Rxd5 Qc4 26. Rd2 Rbd8 27. Re3 Rxd2
28. Nxd2 Qd5 29. c4 Qd7 30. Nf3 Rd8 31. Bd2 Nd3 32. Re2 Qe6 33. Re4 Bc5 34. Be3
Ncb4 35. Qb3 a5 36. a3 Bxe3 37. Rxe3 Nc5 38. Qc3 Rd1+ 39. Re1 Rd3 40. Qc1 Rxf3
41. gxf3 Nbd3 42. Qc3 Nxe1 43. Qxe1 Qxc4 44. Qxa5 Qc1+ 45. Kg2 Ne6 46. Qa8+ Kh7
47. Qe4+ Kg8 48. Qa8+ Kh7 49. Qe4+ Kg8 50. a4 Qd2 51. Qa8+ Kh7 52. Qe4+ Kg8 53.
Qa8+ Kh7 54. Qe4+ Kg8 1/2-1/2

[Event "17. European Women's Championship 2016"]
[Site "Mamaia ROU"]
[Date "2016.05.29"]
[Round "3.2"]
[White "Goryachkina, Aleksandra"]
[Black "Arabidze, Meri"]
[Result "1/2-1/2"]
[WhiteElo "2485"]
[BlackElo "2363"]
[PlyCount "131"]
[EventDate "2016.05.27"]
[EventType "swiss"]
[EventRounds "11"]
[EventCountry "ROU"]
[Source "lmi"]
[SourceDate "2016.05.26"]

1. d4 Nf6 2. c4 e6 3. Nf3 d5 4. Nc3 c5 5. cxd5 Nxd5 6. e4 Nxc3 7. bxc3 cxd4 8.
cxd4 Bb4+ 9. Bd2 Bxd2+ 10. Qxd2 O-O 11. Bc4 Nd7 12. O-O b6 13. a4 Bb7 14. Rfe1
Nf6 15. Bd3 h6 16. a5 a6 17. axb6 Qxb6 18. Rab1 Qa7 19. Qf4 a5 20. h4 Rfd8 21.
g4 h5 22. gxh5 Nxh5 23. Qg5 g6 24. Qh6 Rxd4 25. Nxd4 Qxd4 26. Rxb7 Qxd3 27.
Reb1 Rd8 28. Rb8 Qd6 29. Rxd8+ Qxd8 30. Qg5 Qd6 31. e5 Qd4 32. Rb8+ Kh7 33. Qd8
Qa1+ 34. Kg2 Qxe5 35. Qg8+ Kh6 36. Qf8+ Qg7 37. Kf3 Qxf8 38. Rxf8 Kg7 39. Ra8
Kf6 40. Rxa5 Ng7 41. Kg4 Nf5 42. h5 Nh6+ 43. Kf4 gxh5 44. Rxh5 Nf5 45. Rh1 Ne7
46. Rg1 Ng6+ 47. Ke4 Ne7 48. Ra1 Nf5 49. Kf4 Ne7 50. Ra7 Ng6+ 51. Ke4 Ne5 52.
Ra3 Ng6 53. Rf3+ Ke7 54. Kd4 Nh4 55. Ra3 Ng6 56. Kc5 Ne5 57. Rg3 f5 58. Rb3 Ng4
59. Rb2 Ne5 60. Rb7+ Kf6 61. Kd6 Nd3 62. f3 Ne5 63. Rb3 Nf7+ 64. Kc5 Ke5 65.
Rb4 f4 66. Re4+ 1/2-1/2

[Event "17. European Women's Championship 2016"]
[Site "Mamaia ROU"]
[Date "2016.05.29"]
[Round "3.3"]
[White "Zimina, Olga"]
[Black "Socko, Monika"]
[Result "1/2-1/2"]
[WhiteElo "2361"]
[BlackElo "2469"]
[PlyCount "84"]
[EventDate "2016.05.27"]
[EventType "swiss"]
[EventRounds "11"]
[EventCountry "ROU"]
[Source "lmi"]
[SourceDate "2016.05.26"]

1. Nf3 d5 2. c4 d4 3. b4 c5 4. bxc5 Nc6 5. e3 e5 6. d3 Bxc5 7. e4 Nge7 8. Be2
O-O 9. O-O Ng6 10. Nbd2 Nf4 11. Nb3 Nxe2+ 12. Qxe2 Bd6 13. Rb1 a5 14. Na1 f5
15. exf5 Bxf5 16. Ng5 Bb4 17. Ne4 Rf7 18. Nc2 Ra6 19. Bg5 Qf8 20. Bh4 Ra8 21.
Bg3 Re8 22. Rb3 b6 23. Ng5 Rd7 24. Ne4 Bc5 25. Rfb1 h6 26. f3 Qf7 27. Rb5 Qg6
28. R5b2 Rf7 29. Ne1 Bb4 30. Nc2 Bxe4 31. Qxe4 Qxe4 32. fxe4 Ref8 33. Rd1 g5
34. Rbb1 h5 35. Rf1 Rxf1+ 36. Rxf1 Rxf1+ 37. Kxf1 Be7 38. h3 Kf7 39. Ke2 Ke6
40. Be1 Nd8 41. Bd2 Kf6 42. Ne1 Ne6 1/2-1/2

[Event "17. European Women's Championship 2016"]
[Site "Mamaia ROU"]
[Date "2016.05.29"]
[Round "3.4"]
[White "Gara, Ticia"]
[Black "Gaponenko, Inna"]
[Result "0-1"]
[WhiteElo "2352"]
[BlackElo "2415"]
[PlyCount "86"]
[EventDate "2016.05.27"]
[EventType "swiss"]
[EventRounds "11"]
[EventCountry "ROU"]
[Source "lmi"]
[SourceDate "2016.05.26"]

1. e4 c5 2. Nf3 d6 3. d4 cxd4 4. Nxd4 Nf6 5. Nc3 g6 6. Be3 Bg7 7. f3 Nc6 8. Qd2
O-O 9. g4 Be6 10. Nxe6 fxe6 11. O-O-O Rc8 12. Bc4 Qd7 13. Bb3 Na5 14. h4 Nxb3+
15. axb3 Qc6 16. Bh6 Bxh6 17. Qxh6 b5 18. Qd2 b4 19. Na4 Nd7 20. h5 Rxf3 21.
hxg6 hxg6 22. Kb1 Qxe4 23. Qh2 Nf8 24. Rdf1 Qxg4 25. Qh8+ Kf7 26. Rhg1 Qf5 27.
Rxf3 Qxf3 28. Qd4 a5 29. Nb6 Rc5 30. Nc4 Rd5 31. Qa7 Rd1+ 32. Ka2 Rxg1 33. Qxg1
Qd5 34. Qa7 g5 35. Nxa5 g4 36. Nb7 Ng6 37. Nd8+ Ke8 38. Nb7 g3 39. Qb8+ Kf7 40.
Nd8+ Kf6 41. Qa7 Nf4 42. Nb7 g2 43. Qf2 Kf5 0-1

[Event "17. European Women's Championship 2016"]
[Site "Mamaia ROU"]
[Date "2016.05.29"]
[Round "3.5"]
[White "Shvayger, Yuliya"]
[Black "Khukhashvili, Sopiko"]
[Result "1-0"]
[WhiteElo "2415"]
[BlackElo "2355"]
[PlyCount "101"]
[EventDate "2016.05.27"]
[EventType "swiss"]
[EventRounds "11"]
[EventCountry "ROU"]
[Source "lmi"]
[SourceDate "2016.05.26"]

1. e4 e6 2. d4 d5 3. Nd2 b6 4. Ngf3 Nf6 5. e5 Nfd7 6. c3 c5 7. Bd3 Ba6 8. Bxa6
Nxa6 9. Qe2 Nc7 10. O-O Be7 11. b3 O-O 12. Bb2 a5 13. a4 Qc8 14. Ba3 Qa6 15.
Qe3 Rfc8 16. Rfc1 Bf8 17. h4 Ne8 18. h5 Nb8 19. c4 cxd4 20. Nxd4 Bxa3 21. Rxa3
Nc6 22. Nb5 Nb4 23. h6 g6 24. Nd6 Rc6 25. Nxe8 Rxe8 26. Qg5 Qc8 27. Qf6 Kf8 28.
Nf3 Qd8 29. Qg7+ Ke7 30. Ng5 Kd7 31. Nxh7 Kc8 32. Nf6 Rh8 33. Rd1 Qf8 34. Raa1
d4 35. Rxd4 Nc2 36. Rad1 Nxd4 37. Rxd4 Rc7 38. g3 Kb7 39. Qxf8 Rxf8 40. h7 Rh8
41. Kg2 Rcc8 42. Kf3 Kc6 43. Kg4 Kc5 44. Rd6 b5 45. cxb5 Kb4 46. Kg5 Kxb3 47.
Rd4 Rc4 48. Rxc4 Kxc4 49. Kh6 Kb4 50. Kg7 Rb8 51. h8=Q 1-0

[Event "17. European Women's Championship 2016"]
[Site "Mamaia ROU"]
[Date "2016.05.29"]
[Round "3.6"]
[White "Atalik, Ekaterina"]
[Black "Ovod, Evgenija"]
[Result "1-0"]
[WhiteElo "2408"]
[BlackElo "2329"]
[PlyCount "87"]
[EventDate "2016.05.27"]
[EventType "swiss"]
[EventRounds "11"]
[EventCountry "ROU"]
[Source "lmi"]
[SourceDate "2016.05.26"]

1. d4 d5 2. c4 e6 3. Nc3 Nf6 4. Nf3 c5 5. cxd5 Nxd5 6. e4 Nxc3 7. bxc3 cxd4 8.
cxd4 Bb4+ 9. Bd2 Bxd2+ 10. Qxd2 O-O 11. Rc1 b6 12. Bd3 Bb7 13. O-O Nc6 14. d5
exd5 15. exd5 Ne7 16. d6 Ng6 17. Bxg6 Bxf3 18. Bf5 Bb7 19. Rc7 Ba6 20. Rd1 Bb5
21. Be4 Rc8 22. Rxa7 Bd7 23. h3 h6 24. Bd5 Kh7 25. Bb3 Rc5 26. Re1 Rg5 27. f4
Rg6 28. Bc2 f5 29. Re7 Be6 30. Qd4 Rff6 31. Rxe6 Rxe6 32. Bxf5 Ref6 33. Bxg6+
Rxg6 34. d7 b5 35. Qe4 Qb6+ 36. Kh2 Qxa7 37. d8=Q Qxa2 38. Qdd5 Qf2 39. Qxb5
Qg3+ 40. Kh1 Qh4 41. Qbe8 Qg3 42. Q4a8 Rf6 43. Qg8+ Kg6 44. Qae8+ 1-0

[Event "17. European Women's Championship 2016"]
[Site "Mamaia ROU"]
[Date "2016.05.29"]
[Round "3.7"]
[White "Houska, Jovanka"]
[Black "Kursova, Maria"]
[Result "1/2-1/2"]
[WhiteElo "2383"]
[BlackElo "2319"]
[PlyCount "64"]
[EventDate "2016.05.27"]
[EventType "swiss"]
[EventRounds "11"]
[EventCountry "ROU"]
[Source "lmi"]
[SourceDate "2016.05.26"]

1. d4 Nf6 2. Nf3 e6 3. c4 Bb4+ 4. Bd2 Qe7 5. g3 Bxd2+ 6. Qxd2 Nc6 7. Nc3 d5 8.
cxd5 exd5 9. Bg2 O-O 10. O-O Bf5 11. Rac1 Rad8 12. Na4 Rfe8 13. e3 Ne4 14. Qd1
a6 15. Nh4 Bc8 16. Nc5 Na7 17. a4 c6 18. Nf3 Bg4 19. Nd3 Nc8 20. Qc2 Bxf3 21.
Bxf3 Ncd6 22. b3 h6 23. Bg2 h5 24. f3 Nf6 25. Rce1 Qc7 26. Re2 Re7 27. Rfe1 Qb6
28. Kh1 Nde8 29. Bh3 Nc7 30. Nf4 Nce8 31. Nd3 Nc7 32. Nf4 Nce8 1/2-1/2

[Event "17. European Women's Championship 2016"]
[Site "Mamaia ROU"]
[Date "2016.05.29"]
[Round "3.8"]
[White "Mamedjarova, Zeinab"]
[Black "Vega Gutierrez, Sabrina"]
[Result "1-0"]
[WhiteElo "2236"]
[BlackElo "2375"]
[PlyCount "113"]
[EventDate "2016.05.27"]
[EventType "swiss"]
[EventRounds "11"]
[EventCountry "ROU"]
[Source "lmi"]
[SourceDate "2016.05.26"]

1. d4 d5 2. Nf3 Nf6 3. Bf4 c5 4. e3 Nc6 5. c3 Qb6 6. Qc1 Bf5 7. Be2 Rc8 8. O-O
h6 9. Rd1 g5 10. Be5 Bg7 11. dxc5 Qxc5 12. Nd4 Bg6 13. Nxc6 Qxc6 14. Qd2 Rd8
15. Qd4 a6 16. Nd2 O-O 17. Nf3 Be4 18. a4 Ne8 19. Bxg7 Nxg7 20. Qb4 Qc7 21. a5
Ne6 22. Nd2 Bg6 23. Nb3 Rd7 24. Rd2 Nd8 25. Nc5 Rd6 26. Rad1 e6 27. Nb3 Rc6 28.
h3 Kg7 29. Qd4+ f6 30. Qa4 Nf7 31. Nd4 Rd6 32. Bg4 f5 33. Be2 Rfd8 34. Nf3 e5
35. Ne1 Qc6 36. Qb3 Qd7 37. Nd3 Qc7 38. Nb4 Qxa5 39. Nxd5 R8d7 40. c4 Nd8 41.
Qc2 Nc6 42. c5 Nd4 43. Rxd4 exd4 44. b4 Qd8 45. cxd6 Rxd6 46. Qc7+ Qxc7 47.
Nxc7 Rc6 48. Nd5 dxe3 49. Nxe3 Rc7 50. Rd6 f4 51. Ng4 Rc1+ 52. Kh2 Be4 53. Rd7+
Kf8 54. Nf6 Bc6 55. Rc7 Re1 56. Bh5 Re7 57. Nh7+ 1-0

[Event "17. European Women's Championship 2016"]
[Site "Mamaia ROU"]
[Date "2016.05.29"]
[Round "3.10"]
[White "Pogonina, Natalija"]
[Black "Osmak, Iulija"]
[Result "1/2-1/2"]
[WhiteElo "2490"]
[BlackElo "2345"]
[PlyCount "119"]
[EventDate "2016.05.27"]
[EventType "swiss"]
[EventRounds "11"]
[EventCountry "ROU"]
[Source "lmi"]
[SourceDate "2016.05.26"]

1. d4 d5 2. c4 c6 3. e3 Nf6 4. Nc3 g6 5. Nf3 Bg7 6. Be2 O-O 7. O-O a6 8. a4 a5
9. cxd5 cxd5 10. Qb3 Nc6 11. Bd2 Qd6 12. h3 Bd7 13. Rfc1 Rfd8 14. Nb5 Qb8 15.
Be1 e6 16. Qd1 Ne4 17. Nd2 Nd6 18. Nb3 Bf8 19. Nc5 Be8 20. Qb3 b6 21. Na6 Qb7
22. Nac7 Nxb5 23. axb5 Qxc7 24. bxc6 Rdc8 25. Bb5 Bd6 26. Qa4 Qe7 27. b4 Bxb4
28. Bxb4 Qxb4 29. Qxb4 axb4 30. Rxa8 Rxa8 31. c7 Bxb5 32. c8=Q+ Rxc8 33. Rxc8+
Kg7 34. Rb8 b3 35. Rxb6 Bc4 36. h4 Kf6 37. f3 h6 38. Rb7 g5 39. hxg5+ hxg5 40.
Kf2 Kg6 41. Rb6 Kf5 42. Kg3 e5 43. Kf2 exd4 44. exd4 g4 45. Kg3 gxf3 46. Kxf3
Kg5 47. g3 f6 48. Rb8 Kf5 49. g4+ Kg5 50. Rg8+ Kh6 51. Ke3 b2 52. Rb8 Kg5 53.
Kf3 Bf1 54. Rxb2 Bh3 55. Rb8 Bxg4+ 56. Kg3 Be2 57. Rd8 Bc4 58. Kf3 Kf5 59. Ke3
Kg5 60. Rg8+ 1/2-1/2